Information security management handbook
Salvato in:
| Autore principale: | |
|---|---|
| Natura: | Libro |
| Lingua: | Undetermined |
| Pubblicazione: |
Auerbach Publications
2006
|
| Soggetti: | |
| Tags: |
Aggiungi Tag
Nessun Tag, puoi essere il primo ad aggiungerne! !
|
| Thư viện lưu trữ: | Trung tâm Học liệu Trường Đại học Cần Thơ |
|---|
| LEADER | 00585nam a2200193Ia 4500 | ||
|---|---|---|---|
| 001 | CTU_105688 | ||
| 008 | 210402s9999 xx 000 0 und d | ||
| 020 | |c 179.96 | ||
| 082 | |a 005.8 | ||
| 082 | |b T595 | ||
| 100 | |a Tipton, Harold F. | ||
| 245 | 0 | |a Information security management handbook | |
| 245 | 0 | |c Harold F. Tipton | |
| 260 | |b Auerbach Publications | ||
| 260 | |c 2006 | ||
| 650 | |a Computer security,Data protection | ||
| 650 | |x Management,Handbooks, manuals, etc,Handbooks, manuals, etc | ||
| 904 | |i Tuyến | ||
| 980 | |a Trung tâm Học liệu Trường Đại học Cần Thơ | ||